[Event "Bavaria Donaucup 2017"]
[Site "Regensburg"]
[Date "2017.05.26"]
[Round "4.1"]
[White "Hendriks, Willy"]
[Black "Goldbeck, Lars"]
[Result "1/2-1/2"]
[WhiteElo "2385"]
[BlackElo "2107"]
[PlyCount "62"]
[EventDate "2017.??.??"]
[WhiteTeam "SG Bochum"]
[BlackTeam "SC Vaterstetten"]

1. d4 Nf6 2. Bg5 Ne4 3. Bf4 c5 4. d5 Qb6 5. Nd2 Qxb2 6. Nxe4 Qb4+ 7. c3 Qxe4 8.
e3 d6 9. Nf3 Nd7 10. c4 Ne5 11. Bxe5 dxe5 12. Be2 g6 13. Qb3 Qf5 14. Qb5+ Qd7
15. Qxc5 b6 16. Qb4 e4 17. Ne5 Qd6 18. Qb5+ Bd7 19. Nxd7 Qxd7 20. Qb2 Rg8 21.
Rc1 Bg7 22. Qb1 f5 23. c5 Kf7 24. cxb6 axb6 25. O-O Be5 26. Rc6 Rgb8 27. Bb5
Bd6 28. a4 Qd8 29. Rfc1 Qh8 30. g3 Qe5 31. Qb3 Kg7 1/2-1/2

[Event "Bavaria Donaucup 2017"]
[Site "Regensburg"]
[Date "2017.05.26"]
[Round "4.2"]
[White "Kangas, Lauri"]
[Black "Loos, Roland"]
[Result "0-1"]
[WhiteElo "1999"]
[BlackElo "2373"]
[PlyCount "82"]
[EventDate "2017.??.??"]
[WhiteTeam "Pässi"]
[BlackTeam "Post Regensburg"]

1. d4 Nf6 2. c4 e6 3. Nf3 c5 4. d5 b5 5. Bg5 Qa5+ 6. Nc3 b4 7. Nb1 Ne4 8. Nbd2
Nxg5 9. Nxg5 e5 10. e4 d6 11. h4 h6 12. Nh3 Nd7 13. g3 g6 14. Bd3 Bg7 15. f3
Nf6 16. Kf2 Nh5 17. Nf1 f5 18. Qe2 Qd8 19. Kg2 O-O 20. Nf2 Rb8 21. Rh2 Rb7 22.
Nh1 f4 23. g4 Bxg4 24. Nd2 Bc8 25. Rg1 Bf6 26. Qe1 Rg7 27. Kf1 Qe8 28. Ke2 Be7
29. Nf1 Qa4 30. Qb1 Qa5 31. Nf2 Kh7 32. Nh1 Rfg8 33. Nf2 Qd8 34. Ng4 Bxh4 35.
Kd2 Rh8 36. Qd1 Kg8 37. Kc1 Bd7 38. Qe2 Qe7 39. Qg2 Bg5 40. Qh1 Ng3 41. Qg2
Bxg4 0-1

[Event "Bavaria Donaucup 2017"]
[Site "Regensburg"]
[Date "2017.05.26"]
[Round "4.3"]
[White "Schmid, Roland"]
[Black "Bunk, Wolfgang"]
[Result "1-0"]
[WhiteElo "2200"]
[BlackElo "1987"]
[PlyCount "79"]
[EventDate "2017.??.??"]
[WhiteTeam "Post Regensburg"]
[BlackTeam "SC Bav Regensburg"]

1. Nf3 d5 2. d4 Nf6 3. c4 c6 4. Qc2 g6 5. Bf4 Bf5 6. Qb3 Qb6 7. c5 Qxb3 8. axb3
Bxb1 9. Rxb1 Nbd7 10. e3 Bg7 11. h3 Ne4 12. b4 a6 13. Bd3 f5 14. Ne5 e6 15. f3
Nef6 16. g4 Nxe5 17. Bxe5 Ke7 18. Rg1 Ne8 19. Bf4 Rd8 20. Kd2 Kf7 21. Kc3 Rd7
22. Rbf1 Bf6 23. Rg2 Ng7 24. h4 Re8 25. Be5 Bxe5 26. dxe5 d4+ 27. exd4 Red8 28.
gxf5 gxf5 29. Rfg1 Ne8 30. Bc4 Rxd4 31. Rg5 Rf4 32. R1g3 Rd1 33. b3 Re1 34. Rh5
Rxe5 35. Rxh7+ Kf6 36. h5 Re3+ 37. Kd2 Rexf3 38. Rg6+ Ke5 39. Rxe6+ Kd4 40.
Rd7+ 1-0

[Event "Bavaria Donaucup 2017"]
[Site "Regensburg"]
[Date "2017.05.26"]
[Round "4.4"]
[White "Dechant, Georg"]
[Black "Uphoff, Lennart"]
[Result "0-1"]
[WhiteElo "1933"]
[BlackElo "2004"]
[PlyCount "80"]
[EventDate "2017.??.??"]
[WhiteTeam "SC Bav Regensburg"]
[BlackTeam "FC Mintraching"]

1. e4 c6 2. d4 d5 3. e5 c5 4. Nf3 Nc6 5. dxc5 e6 6. Be3 Nh6 7. c3 Nf5 8. Bd4
Bd7 9. a3 a5 10. Nbd2 Nfxd4 11. cxd4 b6 12. cxb6 Qxb6 13. Qb3 Qxb3 14. Nxb3 Rb8
15. Nbd2 Rxb2 16. Bd3 Be7 17. Ke2 g5 18. h3 h5 19. Ke3 f6 20. exf6 Bxf6 21. g4
Ke7 22. Bg6 hxg4 23. hxg4 Rxh1 24. Rxh1 Nxd4 25. Rh7+ Kd6 26. Ne4+ dxe4 27.
Nxd4 Bxd4+ 28. Kxd4 Rxf2 29. Rh5 Rf4 30. Rxg5 e5+ 31. Ke3 Rf3+ 32. Ke2 Kd5 33.
Bxe4+ Kxe4 34. Rxe5+ Kxe5 35. Kxf3 Kd4 36. Ke2 Kc3 37. Kd1 Kb2 38. Kd2 Bxg4 39.
Kd3 a4 40. Kd2 Bf5 0-1

[Event "Bavaria Donaucup 2017"]
[Site "Regensburg"]
[Date "2017.05.26"]
[Round "4.5"]
[White "Vlaar, Shannon"]
[Black "Oberhofer, Cedric"]
[Result "0-1"]
[WhiteElo "1835"]
[BlackElo "2167"]
[PlyCount "90"]
[EventDate "2017.??.??"]
[BlackTeam "SC Bav Regensburg"]

1. e4 c5 2. Nf3 d6 3. d4 cxd4 4. Nxd4 Nf6 5. Nc3 a6 6. Bg5 e6 7. Qd2 h6 8. Bxf6
Qxf6 9. O-O-O Bd7 10. f4 Nc6 11. e5 dxe5 12. Ndb5 Qd8 13. Nd6+ Bxd6 14. Qxd6
Qe7 15. fxe5 Rd8 16. Bc4 Qg5+ 17. Kb1 Qxe5 18. Rhe1 Qxd6 19. Rxd6 Bc8 20. Rxd8+
Kxd8 21. Ne4 Ke7 22. c3 Rd8 23. Kc2 e5 24. Rf1 f5 25. Nc5 e4 26. g4 Ne5 27. Be2
g6 28. h4 e3 29. Nd3 Nxg4 30. Bxg4 fxg4 31. Re1 Bf5 32. Rxe3+ Kf6 33. Kd2 h5
34. Ke2 Bxd3+ 35. Rxd3 Rxd3 36. Kxd3 g5 37. hxg5+ Kxg5 38. Ke3 h4 39. Kf2 Kf4
40. b4 h3 41. c4 g3+ 42. Kg1 Kf3 43. a4 g2 44. b5 Kg3 45. c5 h2# 0-1

[Event "Bavaria Donaucup 2017"]
[Site "Regensburg"]
[Date "2017.05.26"]
[Round "4.6"]
[White "Kanewski, Josef"]
[Black "Noeckler, Alexander"]
[Result "0-1"]
[WhiteElo "2034"]
[BlackElo "1854"]
[PlyCount "88"]
[EventDate "2017.??.??"]
[WhiteTeam "SC Bav Regensburg"]
[BlackTeam "SK Weiden"]

1. d4 d5 2. c4 e6 3. Nc3 Nf6 4. cxd5 exd5 5. Bg5 Be7 6. e3 c6 7. Bd3 Nbd7 8.
Nf3 O-O 9. O-O Re8 10. Qc2 h6 11. Bxf6 Nxf6 12. Rab1 Bd6 13. Rfc1 Bg4 14. Nd2
Qe7 15. a3 Rac8 16. b4 a5 17. Qb3 axb4 18. axb4 Be6 19. Nf1 Ra8 20. Na4 Reb8
21. Nc5 Bc8 22. Be2 Ra7 23. Qb2 Rba8 24. Ra1 b6 25. Nd3 Rxa1 26. Rxa1 Qb7 27.
Ra3 Rxa3 28. Qxa3 Qa6 29. Qc3 Qa8 30. Nd2 Bb7 31. f3 Qa4 32. Nb3 Qa3 33. g3 Nd7
34. Bd1 Nb8 35. Qd2 Ba6 36. Nbc1 Bb5 37. e4 dxe4 38. fxe4 Na6 39. e5 Be7 40. d5
cxd5 41. Nb3 Bc4 42. Qb2 Qxb2 43. Nxb2 Nxb4 44. Kf2 Nc6 0-1

[Event "Bavaria Donaucup 2017"]
[Site "Regensburg"]
[Date "2017.05.26"]
[Round "4.7"]
[White "Krupke, Sven"]
[Black "Plank, Michael"]
[Result "1/2-1/2"]
[WhiteElo "1903"]
[BlackElo "2030"]
[PlyCount "74"]
[EventDate "2017.??.??"]
[WhiteTeam "SF Rosenheim"]
[BlackTeam "TSV Nittenau"]

1. d4 Nf6 2. Nf3 e6 3. e3 b6 4. Bd3 Bb7 5. Nbd2 c5 6. c3 Be7 7. e4 d6 8. O-O
Nbd7 9. Re1 e5 10. d5 a6 11. a4 O-O 12. Nf1 Ne8 13. Ng3 g6 14. Bh6 Ng7 15. h3
Kh8 16. Qd2 Nf6 17. Nh2 Ng8 18. Bxg7+ Kxg7 19. Nf3 Bc8 20. Qe2 Ra7 21. Rad1 Kh8
22. Qc2 Bh4 23. Nxh4 Qxh4 24. Re3 Nh6 25. Rf3 Qg5 26. Qd2 Qh4 27. b4 f5 28. a5
bxa5 29. bxc5 dxc5 30. Qe3 f4 31. Qxc5 Raf7 32. Ne2 a4 33. Qd6 Qh5 34. Ra1 Rf6
35. Qc7 R6f7 36. Qd6 Rf6 37. Qc7 R6f7 1/2-1/2

[Event "Bavaria Donaucup 2017"]
[Site "Regensburg"]
[Date "2017.05.26"]
[Round "4.8"]
[White "Disterheft, David"]
[Black "Luetkemeyer, Arnd"]
[Result "1-0"]
[WhiteElo "1972"]
[BlackElo "1844"]
[PlyCount "63"]
[EventDate "2017.??.??"]
[WhiteTeam "SC Bav Regensburg"]
[BlackTeam "MSA Zugzwang"]

1. e4 c5 2. Nf3 Nc6 3. c4 g6 4. d4 cxd4 5. Nxd4 Bg7 6. Nxc6 bxc6 7. Qc2 Nf6 8.
Nc3 O-O 9. Be2 d5 10. O-O d4 11. Na4 Nd7 12. Bd3 c5 13. a3 a5 14. Bd2 Qc7 15.
b4 axb4 16. axb4 cxb4 17. Bxb4 Ne5 18. Rfb1 Nxd3 19. Qxd3 f5 20. Nc5 fxe4 21.
Qxe4 Rxa1 22. Rxa1 Qb6 23. Qe1 d3 24. Ra8 Qc6 25. Ra7 Qd6 26. Ne4 Qd4 27. Rxe7
Qxc4 28. Nd6 Qc6 29. Nxc8 Rxc8 30. h3 Bf8 31. Re3 Bxb4 32. Qxb4 1-0

[Event "Bavaria Donaucup 2017"]
[Site "Regensburg"]
[Date "2017.05.26"]
[Round "4.9"]
[White "Banellis, Lukas"]
[Black "Fuchs, Stefan"]
[Result "0-1"]
[WhiteElo "1588"]
[BlackElo "1913"]
[PlyCount "92"]
[EventDate "2017.??.??"]
[WhiteTeam "SF Roding"]
[BlackTeam "SC Bav Regensburg"]

1. e4 e5 2. Bc4 Nf6 3. d4 exd4 4. Nf3 Nc6 5. O-O Nxe4 6. Re1 d5 7. Bxd5 Qxd5 8.
Nc3 Qa5 9. Nxe4 Be6 10. Neg5 O-O-O 11. Nxe6 fxe6 12. Rxe6 Bd6 13. Qe2 Qh5 14.
h3 Rde8 15. Bd2 Ne5 16. Rxe5 Bxe5 17. g4 Bf6 18. Qf1 Qd5 19. Ne1 h5 20. Qg2
Qxg2+ 21. Nxg2 hxg4 22. hxg4 c5 23. g5 Be5 24. f4 Bd6 25. Kf2 g6 26. Kg3 Kd7
27. Nh4 Rhg8 28. Kg4 Re2 29. Rd1 Ke8 30. Re1 Rxe1 31. Bxe1 Kf7 32. f5 gxf5+ 33.
Kxf5 Re8 34. g6+ Kg7 35. Bd2 Re5+ 36. Kg4 Re2 37. Bg5 Bf8 38. Kh5 Re5 39. Nf3
Re2 40. Nh4 Rf2 41. Bh6+ Kg8 42. Bxf8 Kxf8 43. Kh6 Rh2 44. Kg5 Rxc2 45. Kf6
Rf2+ 46. Nf5 Rxf5+ 0-1

[Event "Bavaria Donaucup 2017"]
[Site "Regensburg"]
[Date "2017.05.26"]
[Round "4.10"]
[White "Brunner, Tobias"]
[Black "Klausmann, Leonard"]
[Result "1/2-1/2"]
[WhiteElo "1920"]
[BlackElo "1696"]
[PlyCount "46"]
[EventDate "2017.??.??"]
[WhiteTeam "TSV Nittenau"]
[BlackTeam "TSV Kareth-Lappersdorf"]

1. e4 d6 2. d4 Nf6 3. Nd2 Nbd7 4. f4 e5 5. fxe5 dxe5 6. Ngf3 Bd6 7. c3 Qe7 8.
Qc2 Nf8 9. Bd3 Ng6 10. O-O c5 11. dxe5 Bxe5 12. Nc4 Nd7 13. Bg5 f6 14. Be3 Bc7
15. a4 Nde5 16. Ncxe5 Nxe5 17. Bb5+ Bd7 18. Bxd7+ Nxd7 19. Rfe1 b6 20. Rad1 O-O
21. Qd3 Rad8 22. Qd5+ Kh8 23. Qb7 Ne5 1/2-1/2

[Event "Bavaria Donaucup 2017"]
[Site "Regensburg"]
[Date "2017.05.26"]
[Round "4.11"]
[White "Sammet, Dominik"]
[Black "Tassell, Pierre"]
[Result "1/2-1/2"]
[WhiteElo "1803"]
[BlackElo "2049"]
[PlyCount "67"]
[EventDate "2017.??.??"]
[WhiteTeam "SC Bav Regensburg"]
[BlackTeam "SC Bav Regensburg"]

1. e4 c5 2. Nf3 Nc6 3. d4 cxd4 4. Nxd4 e5 5. Nb5 d6 6. N1c3 a6 7. Na3 Be7 8.
Nd5 Nf6 9. Nxe7 Qxe7 10. Bg5 h6 11. Bxf6 Qxf6 12. Nc4 O-O 13. Nb6 Rb8 14. Nxc8
Rbxc8 15. Bd3 Ne7 16. O-O Rfd8 17. Qe2 Ng6 18. g3 Ne7 19. Rad1 d5 20. exd5 Rxd5
21. Rfe1 Rcd8 22. Be4 Rxd1 23. Rxd1 Nc6 24. Bxc6 Rxd1+ 25. Qxd1 Qxc6 26. Qe2 f6
27. c3 b5 28. f3 Kf7 29. Kg2 Qd5 30. b3 Ke6 31. Qe3 Qd6 32. g4 Qd1 33. Qb6+ Kf7
34. Qb7+ 1/2-1/2

[Event "Bavaria Donaucup 2017"]
[Site "Regensburg"]
[Date "2017.05.26"]
[Round "4.12"]
[White "Hessler, Markus"]
[Black "Riedl, Maximilian"]
[Result "0-1"]
[WhiteElo "1750"]
[BlackElo "1945"]
[PlyCount "136"]
[EventDate "2017.??.??"]
[WhiteTeam "SF Roding"]
[BlackTeam "SC Furth Waldm."]

1. c4 e5 2. g3 Nf6 3. Bg2 c6 4. d4 Bb4+ 5. Bd2 Bxd2+ 6. Qxd2 exd4 7. Qxd4 O-O
8. Nc3 Qe7 9. Nf3 Na6 10. O-O Nc7 11. a3 d5 12. Rad1 dxc4 13. Qxc4 Be6 14. Qd3
Bb3 15. Qd6 Qxd6 16. Rxd6 Rad8 17. Rxd8 Rxd8 18. e3 Kf8 19. Nd4 Bc4 20. Rd1 c5
21. Nf5 Rxd1+ 22. Nxd1 b6 23. Nd6 Ba6 24. Bf1 Ke7 25. Nf5+ Kf8 26. Nd6 Bxf1 27.
Kxf1 a6 28. a4 Nd7 29. Nc3 g6 30. Ke2 Ke7 31. Nc4 Ke6 32. e4 b5 33. axb5 axb5
34. Nd2 c4 35. Nf3 b4 36. Na2 Na6 37. Nd4+ Kd6 38. f4 Kc5 39. Nf3 Nb6 40. Kd2
Na4 41. Kc1 b3 42. Nc3 Nxc3 43. bxc3 f6 44. g4 Nc7 45. Nd4 Kd6 46. Kb2 Na6 47.
Nb5+ Kc6 48. Nd4+ Kd7 49. Nf3 Nc5 50. Nd2 Na4+ 51. Ka3 Nb6 52. Kb2 Kc6 53. Ka3
Kb5 54. Nf3 Kc5 55. Nd2 Nd7 56. Kb2 Nf8 57. Nf3 Ne6 58. e5 fxe5 59. fxe5 Nf4
60. h4 Nd3+ 61. Kb1 Kd5 62. h5 Nxe5 63. hxg6 hxg6 64. Nh4 g5 65. Nf5 Nxg4 66.
Ne7+ Kc5 67. Nf5 Ne5 68. Ng3 g4 0-1

[Event "Bavaria Donaucup 2017"]
[Site "Regensburg"]
[Date "2017.05.26"]
[Round "4.13"]
[White "Bruell, Elias"]
[Black "Warnk, Torsten"]
[Result "1/2-1/2"]
[WhiteElo "1690"]
[BlackElo "1909"]
[PlyCount "88"]
[EventDate "2017.??.??"]
[WhiteTeam "SC Bav. Regensburg"]
[BlackTeam "SG Bensheim"]

1. e4 e6 2. d4 d5 3. e5 c5 4. c3 Nc6 5. Nf3 cxd4 6. cxd4 Bb4+ 7. Nc3 Nge7 8.
Bd3 Nf5 9. Be3 Bd7 10. O-O Nce7 11. Rc1 Bxc3 12. Rxc3 O-O 13. Qb3 b6 14. Rfc1
Nxe3 15. fxe3 Rc8 16. Qc2 h6 17. Rxc8 Qxc8 18. Qc7 Rd8 19. Ba6 Qb8 20. Qxb8
Rxb8 21. Rc7 Bc8 22. Rxe7 Bxa6 23. Rxa7 Bd3 24. Ne1 Be4 25. Kf2 Rc8 26. Rb7 Rc6
27. Ke2 Bb1 28. a3 Ba2 29. Kd2 Bb3 30. g3 g5 31. h3 Kg7 32. g4 Kg6 33. Rb8 Kg7
34. Rb7 Kg6 35. Rb8 f5 36. exf6 Kxf6 37. Rf8+ Kg7 38. Rb8 Ba4 39. Rb7+ Kf6 40.
Nd3 Rc2+ 41. Ke1 Rh2 42. Ne5 Be8 43. Rb8 Ke7 44. Rb7+ Kf6 1/2-1/2

[Event "Bavaria Donaucup 2017"]
[Site "Regensburg"]
[Date "2017.05.26"]
[Round "4.14"]
[White "Brack, Andre"]
[Black "Haselbeck, Franz"]
[Result "0-1"]
[WhiteElo "1635"]
[BlackElo "1895"]
[PlyCount "92"]
[EventDate "2017.??.??"]
[WhiteTeam "Regensburg RT"]
[BlackTeam "SV Deggendorf"]

1. d4 Nf6 2. Nf3 c5 3. c3 e6 4. Bg5 cxd4 5. cxd4 Be7 6. e3 O-O 7. Bd3 d5 8. O-O
Nc6 9. a3 Bd7 10. Nbd2 Rc8 11. Rc1 h6 12. Bh4 Nh5 13. Bxe7 Qxe7 14. b4 Nf6 15.
Nb3 Nb8 16. Nc5 b6 17. Nxd7 Nfxd7 18. Qa4 Nf6 19. Ne5 Ne4 20. f3 Nd6 21. b5 Nf5
22. Rce1 Rc3 23. g4 Rxa3 24. Qc2 Nd6 25. Ra1 Rxa1 26. Rxa1 Rc8 27. Nc6 Nxc6 28.
bxc6 Nc4 29. e4 Rxc6 30. Qa4 Rc7 31. Bxc4 Rxc4 32. Qxa7 Qxa7 33. Rxa7 Rxd4 34.
exd5 Rxd5 35. Kf2 g5 36. Rb7 Rd2+ 37. Kg3 Rb2 38. h4 b5 39. Rb8+ Kg7 40. Rb6
Rb4 41. Rc6 gxh4+ 42. Kxh4 Rb1 43. f4 b4 44. f5 exf5 45. gxf5 b3 46. Kh5 Rh1+
0-1

[Event "Bavaria Donaucup 2017"]
[Site "Regensburg"]
[Date "2017.05.26"]
[Round "4.15"]
[White "Brack, Johannes"]
[Black "Liess, Alexander"]
[Result "1/2-1/2"]
[WhiteElo "1889"]
[BlackElo "1811"]
[PlyCount "73"]
[EventDate "2017.??.??"]
[WhiteTeam "Regensburg RT"]
[BlackTeam "SC Bav Regensburg"]

1. g3 Nf6 2. Bg2 e5 3. c4 d5 4. cxd5 Nxd5 5. Nc3 Nb6 6. Nf3 Nc6 7. O-O Be7 8.
d4 exd4 9. Nb5 a6 10. Nbxd4 Bd7 11. e4 Nxd4 12. Qxd4 O-O 13. Bf4 Qc8 14. Rac1
Bc6 15. Ne5 Bb5 16. Rfe1 Rd8 17. Qc3 Bd6 18. Red1 Qe6 19. b3 g5 20. Nxf7 gxf4
21. Nxd8 Rxd8 22. e5 Be7 23. Qxc7 Rxd1+ 24. Rxd1 Be2 25. Re1 f3 26. Qxb7 Nd5
27. Rxe2 fxe2 28. Bxd5 e1=Q+ 29. Kg2 Q1xe5 30. Bxe6+ Qxe6 31. b4 Kf7 32. a4 Qd6
33. a5 Qxb4 34. Qxa6 Qe4+ 35. Kg1 Qe1+ 36. Kg2 Qe4+ 37. Kg1 1/2-1/2

[Event "Bavaria Donaucup 2017"]
[Site "Regensburg"]
[Date "2017.05.26"]
[Round "4.16"]
[White "Burkhardt, Holger"]
[Black "Landstorfer, Raphael"]
[Result "1-0"]
[WhiteElo "2015"]
[BlackElo "1799"]
[PlyCount "55"]
[EventDate "2017.??.??"]
[WhiteTeam "SK Gießen"]
[BlackTeam "TSV Kar-Lappersdorf"]

1. d4 d5 2. Bf4 Nf6 3. e3 c5 4. c3 Nc6 5. Bd3 e6 6. Nf3 Bd6 7. Bg3 O-O 8. Nbd2
b6 9. Ne5 Bb7 10. f4 c4 11. Bc2 b5 12. a3 a5 13. O-O Qc7 14. Bh4 Be7 15. Bxf6
Bxf6 16. Qh5 g6 17. Qh3 b4 18. Ndf3 bxc3 19. bxc3 Ra6 20. Ng4 Bg7 21. Ng5 h5
22. Ne5 Nxe5 23. fxe5 Bh6 24. Qg3 Bxg5 25. Qxg5 Qd8 26. Rf6 Kh8 27. Qh6+ Kg8
28. Rxg6+ 1-0

[Event "Bavaria Donaucup 2017"]
[Site "Regensburg"]
[Date "2017.05.26"]
[Round "4.17"]
[White "Thamm, Felix"]
[Black "Paajala, Niki"]
[Result "0-1"]
[WhiteElo "1619"]
[BlackElo "1946"]
[PlyCount "98"]
[EventDate "2017.??.??"]
[WhiteTeam "Post Regensburg"]
[BlackTeam "Pässi"]

1. e4 e5 2. Nf3 Nc6 3. Bb5 a6 4. Ba4 Nf6 5. O-O b5 6. Bb3 Be7 7. Re1 O-O 8. d3
d6 9. c3 h6 10. h3 Na5 11. Bc2 c5 12. Nbd2 Nc6 13. Nf1 Qc7 14. a4 Bb7 15. Ne3
Nd8 16. Nf5 Ne6 17. Qe2 Rfe8 18. Nh2 Bf8 19. Ng4 Nxg4 20. Qxg4 Kh7 21. f4 f6
22. fxe5 dxe5 23. Nh4 Qf7 24. Rf1 Bc6 25. Qf5+ Kg8 26. axb5 axb5 27. Rxa8 Rxa8
28. Bb3 Bd7 29. Bd5 Rd8 30. Rf3 Nf4 31. Bxf7+ Kxf7 32. Bxf4 Bxf5 33. Bxe5 Bh7
34. Bh2 c4 35. d4 Bxe4 36. Re3 Bd3 37. Nf3 Ra8 38. Ne1 Bh7 39. Re2 b4 40. cxb4
Bxb4 41. Nc2 Bd3 42. Rf2 Ra2 43. Ne3 Ra1+ 44. Nf1 Bd2 45. Bf4 Bxf4 46. Rxf4 Rb1
47. Rf2 Ke6 48. g3 Kd5 49. Kg2 Bxf1+ 0-1

[Event "Bavaria Donaucup 2017"]
[Site "Regensburg"]
[Date "2017.05.26"]
[Round "4.18"]
[White "Bruell, Martin"]
[Black "Winter, Reinhold"]
[Result "1-0"]
[WhiteElo "1835"]
[BlackElo "1567"]
[PlyCount "131"]
[EventDate "2017.??.??"]
[WhiteTeam "SC Bav Regensburg"]
[BlackTeam "SF Neuenkirchen"]

1. e4 c6 2. d4 d5 3. e5 Bf5 4. Nf3 h6 5. Be2 e6 6. O-O Nd7 7. Be3 g5 8. Ne1 Bg6
9. Bh5 Ne7 10. Nd2 Bg7 11. Nd3 O-O 12. f4 Nf5 13. Bf2 Bxh5 14. Qxh5 gxf4 15.
Nf3 Ne3 16. Rfc1 Qe8 17. Nxf4 Nf5 18. g4 Ne7 19. Be3 Ng6 20. Qh3 f6 21. Nh5
fxe5 22. Nxg7 Kxg7 23. Qxh6+ Kg8 24. Ng5 Rf7 25. Qxg6+ Rg7 26. Qxe8+ Rxe8 27.
dxe5 Nxe5 28. h4 Nxg4 29. Bxa7 e5 30. Rf1 d4 31. Rae1 Ne3 32. Rf2 Ra8 33. Bc5
Re8 34. c3 Ng4 35. Rd2 dxc3 36. bxc3 Rg6 37. Rde2 Ra8 38. Rg2 Ra4 39. Ne4 Kh7
40. Ng5+ Kg7 41. Bb4 Nf6 42. Rxe5 Nd5 43. h5 Rh6 44. Ne4+ Kh7 45. Bf8 Rxe4 46.
Rxe4 Rxh5 47. Rh2 Rxh2 48. Kxh2 Nxc3 49. Re7+ Kg6 50. Rxb7 Nxa2 51. Rb6 Kf7 52.
Bc5 Nc3 53. Rxc6 Ne4 54. Kg2 Nf6 55. Kf3 Nd7 56. Bd4 Nf8 57. Ke4 Ne6 58. Bb6
Ng5+ 59. Kf5 Nf3 60. Rc7+ Ke8 61. Rc3 Nh4+ 62. Ke6 Kf8 63. Bd4 Kg8 64. Rc8+ Kh7
65. Rh8+ Kg6 66. Rxh4 1-0

[Event "Bavaria Donaucup 2017"]
[Site "Regensburg"]
[Date "2017.05.26"]
[Round "4.19"]
[White "Ganchev, Rostislav"]
[Black "Jobst, Thomas"]
[Result "0-1"]
[WhiteElo "1261"]
[BlackElo "1756"]
[PlyCount "38"]
[EventDate "2017.??.??"]
[WhiteTeam "SC Bav Regensburg"]
[BlackTeam "vereinlos"]

1. e4 c6 2. Nf3 d5 3. d3 Bg4 4. Be2 Nd7 5. Bf4 e6 6. Nc3 Ne7 7. h3 Bxf3 8. Bxf3
Qb6 9. b3 Ng6 10. Bd2 Bd6 11. Qe2 d4 12. Na4 Qc7 13. O-O-O b5 14. Nb2 a5 15. a4
Ba3 16. Bg4 bxa4 17. Kb1 axb3 18. cxb3 Qb7 19. Ka2 Nc5 0-1

[Event "Bavaria Donaucup 2017"]
[Site "Regensburg"]
[Date "2017.05.26"]
[Round "4.20"]
[White "Krupke, Hardi"]
[Black "Ott, Ian"]
[Result "1/2-1/2"]
[WhiteElo "1602"]
[BlackElo "1747"]
[PlyCount "84"]
[EventDate "2017.??.??"]
[WhiteTeam "SG Neumünster"]
[BlackTeam "SC Bav Regensburg"]

1. d4 Nf6 2. Nf3 g6 3. e3 Bg7 4. c3 O-O 5. Bd3 d5 6. Nbd2 b6 7. e4 dxe4 8. Nxe4
Bb7 9. Nxf6+ Bxf6 10. Bh6 Re8 11. O-O Nc6 12. Bb5 a6 13. Ba4 b5 14. Bb3 e5 15.
dxe5 Nxe5 16. Nxe5 Bxe5 17. Qg4 Bc8 18. Qf3 Be6 19. Bxe6 Rxe6 20. Rad1 Qe8 21.
Rd7 Rd8 22. Rxd8 Qxd8 23. Rd1 Qe8 24. Bg5 Bf6 25. Be3 Bg5 26. Rd3 c5 27. h4
Bxe3 28. Rxe3 Rxe3 29. fxe3 h5 30. Kf2 Qe6 31. b3 Kg7 32. g3 Qf6 33. e4 Qxf3+
34. Kxf3 Kf6 35. Kf4 Ke6 36. c4 b4 37. e5 f6 38. exf6 Kxf6 39. Ke4 Ke6 40. Kf4
Kf6 41. g4 hxg4 42. Kxg4 Ke6 1/2-1/2

[Event "Bavaria Donaucup 2017"]
[Site "Regensburg"]
[Date "2017.05.26"]
[Round "4.21"]
[White "Blanter, Sofya"]
[Black "Glaser, Max"]
[Result "1/2-1/2"]
[WhiteElo "1746"]
[BlackElo "1590"]
[PlyCount "134"]
[EventDate "2017.??.??"]
[WhiteTeam "SC Bav Regensburg"]
[BlackTeam "SC Furth Waldm."]

1. d4 Nf6 2. c4 e6 3. Nf3 b6 4. Nc3 Bb4 5. Bd2 Bb7 6. e3 O-O 7. Bd3 d5 8. O-O
Nbd7 9. Rc1 Bxc3 10. Bxc3 Ne4 11. b4 c5 12. bxc5 bxc5 13. Ba1 Qa5 14. Qc2 Rac8
15. cxd5 exd5 16. Qb2 Qb6 17. Bb5 Ndf6 18. dxc5 Nxc5 19. Rfd1 a6 20. Bf1 Qxb2
21. Bxb2 Nce4 22. Ne5 Rfe8 23. Bd4 h6 24. Rb1 Rc7 25. Rb6 a5 26. g3 Re6 27. Rb2
Nd6 28. Rdb1 Nd7 29. Nxd7 Rxd7 30. Bh3 f5 31. Bxf5 Nxf5 32. Rxb7 Rxb7 33. Rxb7
Nxd4 34. exd4 Re1+ 35. Kg2 Re2 36. Rb5 Rxa2 37. Rxd5 a4 38. Ra5 a3 39. h4 Ra1
40. Kf3 a2 41. Ke2 Kf7 42. d5 Ke7 43. Ra6 Kd7 44. d6 Rb1 45. Rxa2 Kxd6 46. Kf3
Rb7 47. Re2 Rb5 48. Kg4 h5+ 49. Kf4 g6 50. Re8 Rf5+ 51. Ke3 Kd7 52. Re4 Rb5 53.
f3 Ra5 54. g4 hxg4 55. Rxg4 Rh5 56. Kf4 Ke7 57. Kg3 Kf6 58. Rf4+ Kg7 59. Kg4
Rb5 60. Re4 Ra5 61. f4 Kh6 62. Re5 Ra1 63. Kg3 Ra3+ 64. Kg4 Ra1 65. Re3 Ra5 66.
Rg3 Rb5 67. Kh3 Rb1 1/2-1/2

[Event "Bavaria Donaucup 2017"]
[Site "Regensburg"]
[Date "2017.05.26"]
[Round "4.22"]
[White "Oberhofer, Marie"]
[Black "Zeitler, Juergen"]
[Result "1-0"]
[WhiteElo "1676"]
[BlackElo "1439"]
[PlyCount "79"]
[EventDate "2017.??.??"]
[WhiteTeam "SC Bav Regensburg"]
[BlackTeam "DJK Amberg"]

1. e4 e5 2. Nf3 Nc6 3. Bb5 a6 4. Ba4 Nf6 5. O-O Be7 6. Re1 b5 7. Bb3 d6 8. c3
O-O 9. d3 Bg4 10. Nbd2 Na5 11. Bc2 c5 12. Nf1 Nc6 13. h3 Bh5 14. Ng3 Bg6 15.
Nh2 Qd7 16. f4 h6 17. f5 Bh7 18. Ng4 Kh8 19. Qf3 Qd8 20. Bb3 Nxg4 21. Qxg4 Bf6
22. Nh5 Qe7 23. Nxf6 Qxf6 24. Qh5 Rac8 25. g4 Qe7 26. g5 hxg5 27. Bxg5 Qe8 28.
f6 g6 29. Qf3 Qd7 30. Bh6 Rfe8 31. Bg7+ Kg8 32. Qe3 Qa7 33. Qh6 c4+ 34. Kg2 Nd4
35. cxd4 cxb3 36. Bf8 Rc2+ 37. Kf1 Rf2+ 38. Kxf2 Qxd4+ 39. Kf3 Qxd3+ 40. Re3
1-0

[Event "Bavaria Donaucup 2017"]
[Site "Regensburg"]
[Date "2017.05.26"]
[Round "4.23"]
[White "Brassat, Juergen"]
[Black "Kutschera, Reinhardt"]
[Result "1-0"]
[WhiteElo "1662"]
[BlackElo "1392"]
[PlyCount "73"]
[EventDate "2017.??.??"]
[WhiteTeam "DJK Regensburg Nord"]
[BlackTeam "DJK Regensburg Nord"]

1. d4 Nf6 2. c4 g6 3. Nf3 Bg7 4. g3 O-O 5. Bg2 d6 6. Nc3 c6 7. O-O Be6 8. b3 a6
9. Bb2 Qc8 10. Na4 Nbd7 11. Ng5 b5 12. Nxe6 fxe6 13. cxb5 axb5 14. Nc3 e5 15.
d5 b4 16. dxc6 Nc5 17. Na4 Nxa4 18. bxa4 Qf5 19. Qb3+ Nd5 20. Bxd5+ Kh8 21. c7
Rae8 22. Be6 Qe4 23. Rac1 Bh6 24. c8=Q Qxe2 25. Qxe8 Rxe8 26. Rc8 Rxc8 27. Bxc8
Kg7 28. a5 Bd2 29. a6 Kh6 30. Bc1 e4 31. Bxd2+ Qxd2 32. Qe3+ Qxe3 33. fxe3 e5
34. a7 d5 35. a8=Q d4 36. Qxe4 dxe3 37. Rf7 1-0

[Event "Bavaria Donaucup 2017"]
[Site "Regensburg"]
[Date "2017.05.26"]
[Round "4.24"]
[White "Boehm, Tobias"]
[Black "Erhard, Walter sen"]
[Result "1/2-1/2"]
[WhiteElo "1340"]
[BlackElo "1319"]
[PlyCount "51"]
[EventDate "2017.??.??"]
[WhiteTeam "Post Regensburg"]
[BlackTeam "SC Bav Regensburg"]

1. d4 Nf6 2. Bf4 e6 3. Nf3 d5 4. c4 Be7 5. e3 O-O 6. Be2 c5 7. O-O Nbd7 8. dxc5
Nxc5 9. Qc2 b6 10. Nc3 Bb7 11. Be5 Bd6 12. Bd4 dxc4 13. Ng5 e5 14. Bxc5 Bxc5
15. Bxc4 h6 16. Rad1 Qe7 17. Nge4 Bxe4 18. Nxe4 Nxe4 19. Qxe4 Rad8 20. Bd3 g6
21. Bc4 Kg7 22. h3 f5 23. Qc6 Rd6 24. Rxd6 Bxd6 25. Rd1 Rd8 26. Bb3 1/2-1/2